000
00255nam a2200121Ia 4500
008
190216s9999||||xx |||||||||||||| ||und||
100
_a
Cottan H
245
0
_a
Applied Electricity
260
_b
Ncert
300
_a
620p
650
_a
Physics
942
_c
BK
999
_c
32701
_d
32701